000
00250nam a2200097Ia 4500
001
1206942
005
20251010144532.0
008
250824s9999 xx 000 0 und d
245
0
_a
MANAS DESTANI
_c
ABDÜLKADİR İNAN
260
_b
KÜLTÜR YAYINLARI
999
_c
1206942
_d
1206942